000 01057cam a2200217 4500
001 ABS64441
008 010823n2001 000 0 eng u
035 _a(Sirsi) u114296
100 _aPerry, R
245 _aDigital signatures - security issues and real-world conveyancing
260 _c2001
490 _aNew Law Journal
_v151(6993) 20 July 2001, 1100-1101(2)
520 _aQuestions whether the adoption of electronic conveyancing willincrease costs without improving on the present system. Describes the difficulties faced in introducing electronic conveyancing and concludes that there are benefits to be gained especially for the Land Registry. There would need to be far greater security to ensure that only the correct person uses a digital signature before electronic conveyancing can totally replace real-world conveyancing.
590 _aABS
650 _aCONVEYANCING
650 _aDIGITAL SIGNATURES
650 _aHM LAND REGISTRY
650 _aPROPERTY TRANSACTIONS
690 _aPROPERTY AND LAND LAW-CONVEYANCING
942 _n0
999 _c68073
_d68073